Green Arrow. Smrtící hlas lidu /

Hlavní autor: Benson, Julie
Další autoři: Benson, Shawna, Fernandez, Javi, 1981-, Peralta, Germán, Carnero, Carmen, Vrábelová, Hana, 1987-
Jazyk: Čeština
Vydáno: Praha : BB/art, 2022
Vydání: První brožované vydání v českém jazyce
Edice: BB art komiks
Témata:
Fyzický popis: 154 stran, 6 nečíslovaných stran : barevné ilustrace ; 26 cm
Language note: Český text
Knihy
Uloženo v:
LEADER 01877nam a2200481 i 4500
001 nkc20223408576
003 CZ PrNK
005 20220607073927.0
007 ta
008 220404s2022 xr a g 6 000 1 cze
015 |a cnb003408576 
020 |a 978-80-7595-558-6  |q (brožováno) :  |c Kč 399,00 
035 |a (OCoLC)1329407640 
040 |a BOA001  |b cze  |d ABA001  |e rda 
041 1 |a cze  |h eng 
072 7 |a 741.52  |x Komiksy. Komiksové adaptace  |2 Konspekt  |9 21 
080 |a 741.52(0:82-322.9)  |2 MRF 
100 1 |a Benson, Julie  |7 xx0244924  |4 aut 
240 1 0 |a Citizen's arrest.  |l Česky 
245 1 0 |a Green Arrow.  |p Smrtící hlas lidu /  |c Julie Bensonová, Shawna Bensonová - scénář ; Javier Fernandez, German Peralta, Carmen Carnerová - kresba ; z anglického originálu Green Arrow, vol. 7 - Citizen's arrest přeložila: Hana Vrábelová 
246 3 0 |a Smrtící hlas lidu 
250 |a První brožované vydání v českém jazyce 
264 1 |a Praha :  |b BB/art,  |c 2022 
300 |a 154 stran, 6 nečíslovaných stran :  |b barevné ilustrace ;  |c 26 cm 
336 |a text  |b txt  |2 rdacontent 
336 |a statický obraz  |b sti  |2 rdacontent 
337 |a bez média  |b n  |2 rdamedia 
338 |a svazek  |b nc  |2 rdacarrier 
490 1 |a BB art komiks 
546 |a Český text 
655 7 |a superhrdinské komiksy  |7 fd1057488  |2 czenas 
655 9 |a superhero comics  |2 eczenas 
700 1 |a Benson, Shawna  |7 xx0244925  |4 aut 
700 1 |a Fernandez, Javi,  |d 1981-  |7 xx0261584  |4 ill 
700 1 |a Peralta, Germán  |7 ola20191035655  |4 ill 
700 1 |a Carnero, Carmen  |7 xx0227753  |4 ill 
700 1 |a Vrábelová, Hana,  |d 1987-  |7 xx0128086  |4 trl 
830 0 |a BB art komiks  |0 s 
910 2 |a BOA001  |b 3-1410.907,7 
990 |a BK 
995 |a 01 
991 |b 202205  |c NOV 
996 6 |b 2610902753  |c 3-1410.907,7  |l MZK  |r Sklad / do 1 hodiny  |n 0  |p p.v.  |w 001886631  |u 000010  |a 1  |e BOA001  |j MZK50  |s P